书目信息 |
| 题名: |
常用通假字
|
|
| 作者: | 何新波 主编 | |
| 分册: | ||
| 出版信息: | 深圳 海天出版社 2005 |
|
| 页数: | 10,12,200页 | |
| 开本: | 21cm | |
| 丛书名: | 语文学习丛书 | |
| 单 册: | ||
| 中图分类: | H122 | |
| 科图分类: | ||
| 主题词: | 汉字--通假 , 汉字 , 通假 | |
| 电子资源: | ||
| ISBN: | 7-80615-734-4 | |
| 000 | 00658oam2 2200253 450 | |
| 001 | 003078188 | |
| 005 | 20061121092310.76 | |
| 010 | @a7-80615-734-4@dCNY15.00 | |
| 100 | @a20060124d2005 em y0chiy0110 ea | |
| 101 | 0 | @achi |
| 102 | @aCN@b440000 | |
| 105 | @ay z 000yy | |
| 200 | 1 | @a常用通假字@9chang yong tong jia zi@f何新波主编 |
| 210 | @a深圳@c海天出版社@d2005 | |
| 215 | @a10,12,200页@d21cm | |
| 225 | 2 | @a语文学习丛书 |
| 461 | 0 | @12001 @a语文学习丛书 |
| 606 | @a汉字@x通假 | |
| 606 | @a汉字 | |
| 606 | 0 | @a通假 |
| 690 | @aH122@v4 | |
| 701 | 0 | @a何新波@9he xin bo@f(1942~)@4主编 |
| 801 | 0 | @aCN@bNLC@c20061121 |
| 905 | @a10447@dH122@e126 | |
| 常用通假字/何新波主编.-深圳:海天出版社,2005 |
| 10,12,200页;21cm.-(语文学习丛书) |
| ISBN 7-80615-734-4:CNY15.00 |
| ● |
| 相关链接 |
|
|
|
|
正题名:常用通假字
索取号:H122/126
 
预约/预借
| 序号 | 登录号 | 条形码 | 馆藏地/架位号 | 状态 | 备注 |
| 1 | 0394358 | 203943581 | 第二样本阅览室/ [索取号:H122/126] | 在馆 | |
| 2 | 0394359 | 203943590 | 第四借阅区/ [索取号:H122/126] | 在馆 | |
| 3 | 0394360 | 203943607 | 第四借阅区/ [索取号:H122/126] | 在馆 | |
| 4 | 0394361 | 203943616 | 第四借阅区/ [索取号:H122/126] | 在馆 | |
| 5 | 0394362 | 203943625 | 第四借阅区/ [索取号:H122/126] | 在馆 |